| 000 | 02818cam a2200277 4500500 | ||
|---|---|---|---|
| 005 | 20260222004213.0 | ||
| 041 | _afre | ||
| 042 | _adc | ||
| 100 | 1 | 0 |
_aAbdel Halim, Lara _eauthor |
| 700 | 1 | 0 |
_aChamaret, Cécile _eauthor |
| 245 | 0 | 0 | _aAnge ou démon ? |
| 260 | _c2026. | ||
| 500 | _a10 | ||
| 520 | _aCette recherche explore les représentations sociales de l’intelligence artificielle (IA) dans les services en France, grâce à la théorie du noyau central et au concept d’implication personnelle. Cent cinquante professionnels ont été interrogés en recourant à la méthode d’association libre. Les résultats révèlent des perceptions contrastées selon le degré d’implication en IA et des valences attitudinales parfois opposées. Les plus impliqués mobilisent une rationalité instrumentale, axée sur les fonctionnalités de l’IA et la projetant dans un futur stratégique. Les moins impliqués expriment une rationalité sociale, marquée par des éléments normatifs et une temporalité réactive centrée sur des gains d’efficacité immédiats. Cette divergence redéfinit l’enjeu managérial, qui ne consiste plus à mieux intégrer l’IA en surmontant la résistance, mais bien à arbitrer les rationalités pour décider souverainement et collectivement de la pertinence de l’outil. | ||
| 520 | _aOur research explores the social representations of artificial intelligence (AI) in the service sector in France, using central core theory and the concept of personal involvement. A sample of 150 professionals was surveyed using the free association method. The findings reveal contrasting perceptions based on the level of involvement with AI, with attitudinal valences that are occasionally divergent. Highly involved individuals adopt an instrumental rationality, oriented toward AI functionalities and situated within a strategic, long-term perspective. By contrast, less involved individuals exhibit a social rationality, shaped by normative concerns and a reactive temporality focused on short-term efficiency gains. This divergence reshapes the managerial challenge, which no longer involves simply overcoming resistance to AI integration, but rather navigating between divergent rationalities to collectively and autonomously evaluate the tool’s relevance. | ||
| 690 | _aIA au travail | ||
| 690 | _a secteur des services | ||
| 690 | _aintelligence artificielle (IA) | ||
| 690 | _areprésentation sociale | ||
| 690 | _aAI at work | ||
| 690 | _a service sector | ||
| 690 | _aartificial intelligence (AI) | ||
| 690 | _asocial representation | ||
| 786 | 0 | _nRevue française de gestion | 326 | 1 | 2026-02-18 | p. 139-164 | 0338-4551 | |
| 856 | 4 | 1 | _uhttps://shs.cairn.info/revue-revue-francaise-de-gestion-2026-1-page-139?lang=fr&redirect-ssocas=7080 |
| 999 |
_c1668207 _d1668207 |
||